00718nam a2200229Ia 4500003000400000005001700004006001800021007000300039008004100042024001100083037001100094040001800105041001300123100001800136110007000154245012700224260000900351300001700360650001400377700002700391700007000418OSt20220930085444.0a|||||r|||| 00| 0ta220926b |||||||| |||| 00| 0 eng d a100586 cTheses aCRLcCRLbeng 2engaeng aOjha Himanshu aUniversity of Delhi. Faculty of Sciences. Department of Chemistry 0aDesign and biological evaluation of some 2, 4, 6 triazine antimalarials b a combined computational and experimental study c2008 a195ap.ccm. aCHEMISTRY a Prof. Rita Kakkar Gu. aUniversity of Delhi. Faculty of Sciences. Department of Chemistry